000 00430 a2200145 4500
001 153846
040 _cEscola São Tomás de Aquino
100 _aVIGNA, Elvira
240 1 0 _aA pontinha menorzinha do enfeitinho do fim do cabo de uma colherzinha
_lpor
245 1 0 _aA pontinha menorzinha do enfeitinho do fim do cabo de uma colherzinha
362 0 _a1984
440 1 _aMiguilim
697 _a*LITERATURA INFANTIL
942 _cBK
999 _c153846
_d153846